000 00884nas a2200277 4500
001 BR2015002870
003 BR-BrBNA
005 20231205125331.0
007 ta
008 230509b bl.|||p| |||| 00| 00por d
040 _aBR-BrBNA
_bpor
_cBiblioteca Nacional de Agricultura
041 _a(Pt)
072 _aF06; F60
100 1 _aSimões, W.L.
100 1 _aCalgaro, M.
100 1 _aCoelho, D.S.
100 1 _aSouza, M.A. de
100 1 _aLima, J.A.
245 1 _aRespostas de variáveis fisiológicas e tecnológicas da cana-de-açúcar a diferentes sistemas de irrigação
650 _aCANA DE AÇÚCAR
650 _aIRRIGAÇÃO POR GOTEJAMENTO
650 _aFOTOSSÍNTESE
773 0 _tRevista Ciência Agronômica (Brazil)
_xISSN 0045-6888
_g(Jan-Mar 2015), v. 46(1) p. 11-20
_wBR2015002870
909 _a202311
_bLúcia
_c55
_dLúcia Elande
942 _2AGRIS
_n0
_cANA
999 _c243842
_d243842